书目信息 |
| 题名: |
分数阶混沌系统的控制与同步设计
|
|
| 作者: | 张友安 著 | |
| 分册: | ||
| 出版信息: | 北京 电子工业出版社 2021.3 |
|
| 页数: | 188页 | |
| 开本: | 24cm | |
| 丛书名: | ||
| 单 册: | ||
| 中图分类: | O415.5 | |
| 科图分类: | ||
| 主题词: | 混沌--研究 | |
| 电子资源: | ||
| ISBN: | 978-7-121-33153-4 | |
| 000 | 01263nam0 2200277 45 | |
| 001 | 012001002314 | |
| 005 | 20140913164828.0 | |
| 010 | @a978-7-121-33153-4@dCNY49.00 | |
| 100 | @a20180223d2018 em y0chiy50 ea | |
| 101 | 0 | @achi |
| 102 | @aCN@b110000 | |
| 105 | @ay z 000yy | |
| 106 | @ar | |
| 200 | 1 | @a分数阶混沌系统的控制与同步设计@Afen shu jie hun dun xi tong de kong zhi yu tong bu she ji@b专著@f张友安[等]著 |
| 210 | @a北京@c电子工业出版社@d2021.3 | |
| 215 | @a188页@d24cm | |
| 300 | @a并列题名:Control and synchronization of fractional-order chaotic systems | |
| 304 | @a著者还有:袁建、刘京茂、孙玉梅 | |
| 312 | @a封面英文题名:Control and synchronization of fractional-order chaotic systems | |
| 330 | @a本书主要内容包括:分别基于无穷状态方法和Mittag-Leffler稳定性方法针对一类新型分数阶混沌系统,设计滑模控制律及自适应律;针对分数阶统一混沌系统,分别设计滑模控制律、自适应律、主动控制律;基于反步控制技术,针对分数阶严反馈系统设计反馈控制律;针对单输入单输出非线性系统设计分数阶滑模控制律。 | |
| 510 | 1 | @aControl and synchronization of fractional-order chaotic systems@zeng |
| 606 | 0 | @a混沌@x研究 |
| 690 | @aO415.5@v5 | |
| 701 | 0 | @a张友安@Azhang you an@4著 |
| 801 | 0 | @aCN@bBJSDL@c20211011 |
| 905 | @b1339249-52@dO415.5@e124@f4 | |
| 分数阶混沌系统的控制与同步设计/张友安[等]著.-北京:电子工业出版社,2021.3 |
| 188页;24cm |
| 并列题名:Control and synchronization of fractional-order chaotic systems |
| ISBN 978-7-121-33153-4:CNY49.00 |
| 本书主要内容包括:分别基于无穷状态方法和Mittag-Leffler稳定性方法针对一类新型分数阶混沌系统,设计滑模控制律及自适应律;针对分数阶统一混沌系统,分别设计滑模控制律、自适应律、主动控制律;基于反步控制技术,针对分数阶严反馈系统设计反馈控制律;针对单输入单输出非线性系统设计分数阶滑模控制律。 |
| ● |
| 相关链接 |
|
|
|
|
正题名:分数阶混沌系统的控制与同步设计
索取号:O415.5/124
 
预约/预借
| 序号 | 登录号 | 条形码 | 馆藏地/架位号 | 状态 | 备注 |
| 1 | 1339249 | 213392498 | 第二样本阅览室/ [索取号:O415.5/124] | 在馆 | |
| 2 | 1339250 | 213392504 | 第三借阅区/ [索取号:O415.5/124] | 在馆 | |
| 3 | 1339251 | 213392513 | 第三借阅区/ [索取号:O415.5/124] | 在馆 | |
| 4 | 1339252 | 213392522 | 第三借阅区/ [索取号:O415.5/124] | 在馆 |